000 00656nam a2200253 i 4500
001 bgj
100 1 _aIRVING, John
_d(1942- )
245 1 0 _aThe World According to Garp /
_cJohn Irving.
260 _aNew York :
_bPocket Books,
_c1979.
300 _a609 pp ;
_c18 cm.
650 9 _aEccentrist and eccentricities
650 9 _aWomen
_zUnited States
650 9 _aMothers and sons
650 9 _aFeminists
650 9 _aAuthors
650 9 _aHumorous stories
655 _aFiction
020 _a0671822209 (pbk)
040 _cBPK
041 0 _aeng
920 _a0-671-82220-9 (pbk)
942 _cKS
008 s uk f |000 0 eng
999 _c48047
_d48047
856 _uhttp://koha.tu.koszalin.pl/cgi-bin/koha/opac-detail.pl?biblionumber=48047
_yKatalog online BPK